000 00333nam a2200145Ia 4500
100 _aAdam/E.E/ Ebert/R.J
250 _a5
942 _cBK
654 _aproduction
245 _aProduction and Operation Management
260 _bPearson Education
_aNew Delhi
_c2003
082 _a658.4034
_bADA
300 _a729
546 _aENGLISH
999 _c22411
_d22411